000 00733nam a2200241 a 4500
001 BRL_213
005 20190320210635.0
008 920708s1972 mx-a######---#000-0#spa-#
040 _aDLC
_cDLC
_dDLC
041 _aspa
044 _amx
050 4 _aF1219.3.R38
_b.S63 1972
245 1 0 _aReligión en Mesoamérica
_bXII Mesa Redonda
_cedit. Jaime Litvak King, Noemí Castillo Tejero.
260 _aMéxico
_bSociedad Mexicana de Antropología
_c1972
300 _aix, 632 p.
_bil.
_c22 cm.
500 _aAu221
546 _aTexto en: español e inglés
650 1 4 _aIndígenas de México
_xReligión
_95291
700 1 _aLitvak King, Jaime
_922731
700 1 _aCastillo Tejero, Noemí
_923251
902 _aGRL
942 _2lcc
_cB
999 _c9026
_d9026